TEXTBOOK OF COMMUNITY MEDICINE (Record no. 14924)
[ view plain ]
| 000 -LEADER | |
|---|---|
| fixed length control field | 00350nam a22001577a 4500 |
| 003 - CONTROL NUMBER IDENTIFIER | |
| control field | SGT |
| 020 ## - INTERNATIONAL STANDARD BOOK NUMBER | |
| International Standard Book Number | 978-93-86691-75-0 |
| 082 ## - DEWEY DECIMAL CLASSIFICATION NUMBER | |
| Classification number | 614.44 |
| Item number | C18B |
| 100 ## - MAIN ENTRY--PERSONAL NAME | |
| Personal name | BHALWAR,RAJIVIR,ED. |
| 245 ## - TITLE STATEMENT | |
| Title | TEXTBOOK OF COMMUNITY MEDICINE |
| 250 ## - EDITION STATEMENT | |
| Edition statement | 2ND |
| 260 ## - PUBLICATION, DISTRIBUTION, ETC. (IMPRINT) | |
| Place of publication, distribution, etc | NEW YORK |
| Name of publisher, distributor, etc | WOLTERS |
| Year of Publication | 2018 |
| 300 ## - PAGE DESCRIPTION | |
| No. of Pages | 1016 |
| 650 ## - SUBJECT ADDED ENTRY--TOPICAL TERM | |
| Topical term or geographic name as entry element | AYURVEDA |
| 942 ## - ADDED ENTRY ELEMENTS (KOHA) | |
| Source of classification or shelving scheme | Dewey Decimal Classification |
| Koha item type | Books |
| 942 ## - ADDED ENTRY ELEMENTS (KOHA) | |
| -- | 6 |
| Withdrawn status | Lost status | Source of classification or shelving scheme | Damaged status | Not for loan | Collection code | Home library | Current library | Shelving location | Date acquired | Vendor Name | Cost, normal purchase price | SGTU | Bill Number | Total Checkouts | Full call number | Accession No. (Barcode) | Date last seen | Date last borrowed | Bill Date | Koha item type | Total Renewals | Use restrictions |
|---|---|---|---|---|---|---|---|---|---|---|---|---|---|---|---|---|---|---|---|---|---|---|
| Dewey Decimal Classification | AYURVEDA | SGT FA-FP Library | SGT FA-FP Library | Text Book | 31/01/2018 | AHUJA PUB | 995.00 | SGTU | 9136 | 3 | 614.44 C18B | FA8057 | 10/03/2025 | 13/02/2025 | 04/01/2018 | Books | ||||||
| Dewey Decimal Classification | AYURVEDA | SGT FA-FP Library | SGT FA-FP Library | Text Book | 31/01/2018 | AHUJA PUB | 995.00 | SGTU | 9136 | 4 | 614.44 C18B | FA8058 | 28/02/2025 | 13/02/2025 | 04/01/2018 | Books | 1 | |||||
| Dewey Decimal Classification | AYURVEDA | SGT FA-FP Library | SGT FA-FP Library | Reference Book | 31/01/2018 | AHUJA PUB | 995.00 | SGTU | 9136 | 614.44 C18B | FA8059 | 31/01/2018 | 04/01/2018 | Books | Restricted Access |